[Event "Recife Asfora Memorial"]
[Site "Recife"]
[Date "2016.08.07"]
[Round "6"]
[White "Nunes, Marcelo Basilio"]
[Black "Mosquera, Ariday"]
[Result "1-0"]
[WhiteElo "2085"]
[BlackElo "1685"]
[PlyCount "25"]
[EventDate "2016.08.05"]
[EventType "swiss"]
[EventRounds "6"]
[EventCountry "BRA"]
[SourceTitle "EXT 2022"]
[Source "ChessBase"]
[SourceDate "2021.10.06"]
[SourceVersion "1"]
[SourceVersionDate "2021.10.06"]
[SourceQuality "1"]

1. e4 e5 2. Nc3 Bb4 3. g3 d6 4. Bg2 Ne7 5. Nge2 0-0 6. 0-0 a6 7. d3 Bg4 8. h3 Be6 9. Kh2 Nbc6 10. f4 f5 11. exf5 Nxf5 12. Ne4 Ne3 13. Bxe3 1-0

[Event "Recife Asfora Memorial"]
[Site "Recife"]
[Date "2016.08.05"]
[Round "1"]
[White "Mosquera, Ariday"]
[Black "Souza, Mario Vieira Do Nas"]
[Result "1-0"]
[WhiteElo "1685"]
[BlackElo "1531"]
[PlyCount "32"]
[EventDate "2016.08.05"]
[EventType "swiss"]
[EventRounds "6"]
[EventCountry "BRA"]
[SourceTitle "EXT 2022"]
[Source "ChessBase"]
[SourceDate "2021.10.06"]
[SourceVersion "1"]
[SourceVersionDate "2021.10.06"]
[SourceQuality "1"]

1. e4 d5 2. exd5 c6 3. dxc6 Nxc6 4. Nf3 Nf6 5. d4 e6 6. Bd3 Be7 7. 0-0 Nxd4 8. Nxd4 Qxd4 9. Bb5+ Qd7 10. Bxd7+ Bxd7 11. Nc3 0-0 12. Bg5 Rad8 13. Qe2 h6 14. Bh4 Rfe8 15. Ne4 Nxe4 16. Qxe4 Bc6 1-0

[Event "Recife Arraes Memorial 7th"]
[Site "Recife"]
[Date "2014.08.29"]
[Round "2"]
[White "De Lima, Carlos Alexandre"]
[Black "Mosquera, Ariday"]
[Result "1-0"]
[WhiteElo "2087"]
[BlackElo "1700"]
[PlyCount "61"]
[EventDate "2014.08.29"]
[EventType "swiss"]
[EventRounds "6"]
[EventCountry "BRA"]
[SourceTitle "EXT 2015"]
[Source "ChessBase"]
[SourceDate "2014.11.20"]
[SourceVersion "1"]
[SourceVersionDate "2014.11.20"]
[SourceQuality "1"]

1. e4 e5 2. Nf3 Nc6 3. Bc4 Nf6 4. d3 Bc5 5. 0-0 d6 6. h3 Ne7 7. c3 c6 8. d4 exd4 9. cxd4 Bb6 10. Nc3 h6 11. Re1 0-0 12. Qd3 d5 13. Bb3 dxe4 14. Nxe4 Ned5 15. Ng3 Be6 16. Bd2 Qd6 17. Rad1 Rad8 18. Bc2 Rfe8 19. Re5 Bc8 20. Rde1 Re6 21. Nh4 Nb4 22. Bxb4 Qxb4 23. Ngf5 Rxe5 24. Rxe5 Bxd4 25. Qg3 Bxf5 26. Nxf5 Ne8 27. Qh4 Qb6 28. Nxd4 f6 29. Bb3+ Kh8 30. Rh5 Kh7 31. Nf5 1-0

[Event "Pan American-ch"]
[Site "Cartagena"]
[Date "2012.07.07"]
[Round "8"]
[White "Carrillo, Jose Antonio"]
[Black "Mosquera, Ariday"]
[Result "0-1"]
[WhiteElo "1874"]
[BlackElo "1741"]
[PlyCount "76"]
[EventDate "2012.07.04"]
[EventType "swiss"]
[EventRounds "9"]
[EventCountry "COL"]
[SourceTitle "CBM 149 Extra"]
[Source "ChessBase"]
[SourceDate "2012.08.24"]
[SourceVersion "1"]
[SourceVersionDate "2012.08.24"]
[SourceQuality "1"]

1. d4 Nf6 2. c4 e5 3. dxe5 Ng4 4. e4 Nxe5 5. Nf3 Nbc6 6. Be2 Bc5 7. 0-0 Nxf3+ 8. Bxf3 0-0 9. Nc3 a6 10. Nd5 d6 11. Be3 Bxe3 12. Nxe3 Ne5 13. Be2 Kh8 14. f4 Ng6 15. Bg4 Qe7 16. Qd4 Bxg4 17. Nxg4 Qh4 18. Qd1 h5 19. Ne3 Nxf4 20. g3 Nh3+ 21. Kg2 Qxe4+ 22. Kxh3 Qxe3 23. Qxh5+ Kg8 24. Rf4 g6 25. Qh6 Qe6+ 26. Kg2 Qe2+ 27. Kh3 Qxb2 28. Re1 Rae8 29. Ree4 Rxe4 30. Rxe4 Qf6 31. Qe3 Qf1+ 32. Kh4 Kg7 33. Qd4+ Qf6+ 34. Qxf6+ Kxf6 35. g4 Rd8 36. g5+ Kg7 37. Re7 Rc8 38. a4 Kf8 0-1

[Event "Pan American-ch"]
[Site "Cartagena"]
[Date "2012.07.06"]
[Round "5"]
[White "Fontalvo, Nukier Nayid"]
[Black "Mosquera, Ariday"]
[Result "0-1"]
[WhiteElo "1507"]
[BlackElo "1741"]
[PlyCount "22"]
[EventDate "2012.07.04"]
[EventType "swiss"]
[EventRounds "9"]
[EventCountry "COL"]
[SourceTitle "CBM 149 Extra"]
[Source "ChessBase"]
[SourceDate "2012.08.24"]
[SourceVersion "1"]
[SourceVersionDate "2012.08.24"]
[SourceQuality "1"]

1. e4 e5 2. Nf3 Nc6 3. Bb5 Bc5 4. h3 Nge7 5. d3 d6 6. Bg5 h6 7. Bh4 g5 8. Bg3 Bd7 9. Nc3 f5 10. h4 f4 11. Bh2 g4 0-1

[Event "Pan American-ch"]
[Site "Cartagena"]
[Date "2012.07.06"]
[Round "6"]
[White "Mosquera, Ariday"]
[Black "Padilla, Ivo"]
[Result "1-0"]
[WhiteElo "1741"]
[BlackElo "1906"]
[PlyCount "31"]
[EventDate "2012.07.04"]
[EventType "swiss"]
[EventRounds "9"]
[EventCountry "COL"]
[SourceTitle "CBM 149 Extra"]
[Source "ChessBase"]
[SourceDate "2012.08.24"]
[SourceVersion "1"]
[SourceVersionDate "2012.08.24"]
[SourceQuality "1"]

1. e4 c5 2. Nf3 Nc6 3. d4 cxd4 4. Nxd4 Nf6 5. Nc3 e5 6. Ndb5 d6 7. Bg5 a6 8. Na3 b5 9. Nd5 Be7 10. Bxf6 Bxf6 11. Nxf6+ Qxf6 12. Qd5 Bb7 13. 0-0-0 Rd8 14. Nxb5 0-0 15. Na7 Nxa7 16. Qxb7 1-0